| 000 | 00779nam a22002414a 4500 | ||
|---|---|---|---|
| 001 | BIBLIOTECA MUNICIPAL DE BARRANCO | ||
| 007 | ta | ||
| 008 | t pe gr 00| 0 spa d | ||
| 017 | _a2011-151502011-13446 | ||
| 040 | _aBIBLIOTECA MUNICIPAL DE BARRANCO | ||
| 041 | _aspa | ||
| 043 | _cpe | ||
| 082 |
_2869.56 _bL46M 2011. |
||
| 100 | _aLeón de Deza, Teresa. | ||
| 245 |
_a--Mi mami pues!!! : _bsusurro de esperanza / _cTeresa León de Deza. |
||
| 250 | _a1a ed., 1a reimpr. | ||
| 260 |
_aLima : _b [s.n.], _c2011. |
||
| 300 |
_a249 p. : _bil. (algunas col.), retrs. ; _c23 cm. |
||
| 600 | 0 |
_97502 _aLeón de Deza, Teresa-Diarios. |
|
| 650 | 0 |
_92384 _aNovelas peruanas - Siglo XX. |
|
| 650 | 0 |
_97503 _aCáncer-Novelas. |
|
| 942 |
_cBK _e2025-06-06 _zAAOH |
||
| 999 |
_c10882 _d10882 |
||